LEADER 01075nam a2200229 i 4500 001 000000033400 003 CaOOAMICUS 005 20180830125450.0 008 180830s1985 sz u000 u und u 040 $aSeMil$bita 100 1 $aWicki, Nicolai.$0(OLS)http://semarc/name/15302 245 10$aPhilippi Cancellarii parisiensis Summa de bono /$cad fidem codicum primum edita studio et cura Nicolai Wicki. 260 $aBernae :$bFrancke,$c1985. 300 $a2 v. (135, 1209 p.) ;$c25 cm. 700 0 $aPhilippus : Cancellarius,$d<1165ca-1236>.$0(OLS)http://semarc/name/15303 773 0 $tOpera philosophica mediae aetatis selecta.$dBern : Francke, [1985]$kCorpus philosophorum Medii Aevi$w()33397 774 0 $tPars prior.$kCorpus philosophorum Medii Aevi$g1$w()146740 774 0 $tPars posterior.$kCorpus philosophorum Medii Aevi$g2$w()251235 900 0 $aFilippo : il Cancelliere. 996 $6245$aPhilippi Cancellarii parisiensis Summa de bono$9(OLS)http://semarc/title/45191 996 $6260$aBernae :$bFrancke$9(OLS)http://semarc/publisher/39590 LEADER 01710nam a2200325 i 4500 001 000000089434 003 CaOOAMICUS 005 20251219120605.0 008 150924s2001 be u000 u lat u 013 $a61675 020 $a2-503-04447-6 040 $aSeMil$bita 100 1 $aHermes : Trismegistus.$0(OLS)http://semarc/name/1337 245 10$a4.4: Hermetis Trismegisti Astrologica et divinatoria /$ccura et studio Gerrit Bos ... [et al.]. 264 1$aTurnhout :$bBrepols,$c2001. 300 $a454 p. :$bill. ;$c26 cm. 505 0 $aContiene: De stellis beibeniis ; Liber de accidentibus ; Antimaquis ; De spatula ; Lectura geomantiae 650 4$aDivinazione.$0(OLS)http://semarc/subject/16490 650 4$aAstrologia - Antichità.$0(OLS)http://semarc/subject/16491 700 1 $aBos, Gerrit.$0(OLS)http://semarc/name/40434 773 0 $aHermes : Trismegistus$tHermes latinus.$dTurnhout : Brepols, 1994-$kCorpus Christianorum. Continuatio Mediaevalis$g4$w()6957 776 0 $aHermes : Trismegistus$tAstrologica et divinatoria.$dTurnhout : Brepols, 2002.$kCorpus Christianorum. Instrumenta lexicologica latina. Ser. A, Formae$z2-503-63000-6$w()112044 830 0$aCorpus Christianorum. Continuatio Mediaevalis ;$v144.C.$0(OLS)http://semarc/title/35 850 $aSeMil 852 $aSeMil$W1$xVenegono$y1$mSL2.F CC.CM 144/C$j265633$B52554$CSeMilBibl$Z2$F57034 $8I 961 $aSottoscrizione: Brepols 996 $6020$a2-503-04447-6$9(OLS)http://semarc/number/69435 996 $6245$a4.4: Hermetis Trismegisti Astrologica et divinatoria$9(OLS)http://semarc/title/135420 996 $6264$aTurnhout :$bBrepols$9(OLS)http://semarc/publisher/29626